<?xml version="1.0" encoding="UTF-8"?>
<record
    xmlns:xsi="http://www.w3.org/2001/XMLSchema-instance"
    xsi:schemaLocation="http://www.loc.gov/MARC21/slim http://www.loc.gov/standards/marcxml/schema/MARC21slim.xsd"
    xmlns="http://www.loc.gov/MARC21/slim">

  <leader>01997njm a2200337Ia 4500</leader>
  <controlfield tag="001">32977</controlfield>
  <controlfield tag="003">IT-RoPAU</controlfield>
  <controlfield tag="005">20220918181126.0</controlfield>
  <controlfield tag="008">131025s9999    xx            000 0 und d</controlfield>
  <datafield tag="040" ind1=" " ind2=" ">
    <subfield code="a">IT-RoPAU</subfield>
  </datafield>
  <datafield tag="040" ind1=" " ind2=" ">
    <subfield code="c">IT-RoPAU</subfield>
  </datafield>
  <datafield tag="999" ind1=" " ind2=" ">
    <subfield code="c">100172</subfield>
    <subfield code="d">100172</subfield>
  </datafield>
  <datafield tag="999" ind1=" " ind2=" ">
    <subfield code="b">NO</subfield>
  </datafield>
  <datafield tag="100" ind1=" " ind2=" ">
    <subfield code="a">AA.VV.</subfield>
    <subfield code="9">794</subfield>
  </datafield>
  <datafield tag="100" ind1=" " ind2=" ">
    <subfield code="e">Autore musica</subfield>
    <subfield code="9">19036</subfield>
  </datafield>
  <datafield tag="100" ind1=" " ind2=" ">
    <subfield code="g">Codice autore musica SPICS: 2620</subfield>
    <subfield code="9">885</subfield>
  </datafield>
  <datafield tag="245" ind1=" " ind2=" ">
    <subfield code="a">Organo in concerto</subfield>
  </datafield>
  <datafield tag="250" ind1=" " ind2=" ">
    <subfield code="a">1a ed.</subfield>
  </datafield>
  <datafield tag="260" ind1=" " ind2=" ">
    <subfield code="a">ALBANO</subfield>
  </datafield>
  <datafield tag="260" ind1=" " ind2=" ">
    <subfield code="b">EP - MUSICALI E DISCOGRAFICHE</subfield>
    <subfield code="c">1985 [1a Ed.:1985]</subfield>
  </datafield>
  <datafield tag="300" ind1=" " ind2=" ">
    <subfield code="a">MUSICASSETTA</subfield>
  </datafield>
  <datafield tag="500" ind1=" " ind2=" ">
    <subfield code="a">Musica strumentale: organo</subfield>
  </datafield>
  <datafield tag="505" ind1=" " ind2=" ">
    <subfield code="a">Poema sinfonico sul tema gregoriano Dies irae - Adagio in sol minore - Passacaglia e fuga in do min BWV 582 - Aria spirituale vieni, dolce morte - Corale Ges&#xF9; rimani con noi dalla cantana BWV 147 - Preludio e fuga su B.A.C.H. - Aria sulla quarta corda - Corale Ich Ruf' Zu Dir, Herr Jesu Christ BWV 639 - Corale vieni salvatore dei pagani BWV 661 - Preludio e fuga in la minore BWV 543</subfield>
  </datafield>
  <datafield tag="650" ind1=" " ind2=" ">
    <subfield code="a">STRUMENTALE [CASSETTE]</subfield>
    <subfield code="e">Codice MATERIA SPICS: 9951</subfield>
    <subfield code="9">1218</subfield>
  </datafield>
  <datafield tag="700" ind1=" " ind2=" ">
    <subfield code="a">Nocilli Pio</subfield>
    <subfield code="g">Codice interprete SPICS: 28281</subfield>
    <subfield code="e">Interprete</subfield>
    <subfield code="9">19037</subfield>
  </datafield>
  <datafield tag="700" ind1=" " ind2=" ">
    <subfield code="a">Anonimo</subfield>
    <subfield code="g">Codice autore musica SPICS: 2620</subfield>
    <subfield code="e">Autore musica</subfield>
    <subfield code="p">Poema sinfonico sul tema gregoriano Dies irae</subfield>
    <subfield code="9">19038</subfield>
  </datafield>
  <datafield tag="700" ind1=" " ind2=" ">
    <subfield code="a">Albinoni Tomaso</subfield>
    <subfield code="g">Codice autore musica SPICS: 7834</subfield>
    <subfield code="e">Autore musica</subfield>
    <subfield code="p">Adagio in sol minore</subfield>
    <subfield code="9">19039</subfield>
  </datafield>
  <datafield tag="700" ind1=" " ind2=" ">
    <subfield code="a">Giazotto Remo</subfield>
    <subfield code="g">Codice autore SPICS: 7366</subfield>
    <subfield code="e">Autore musica</subfield>
    <subfield code="p">Adagio in sol minore</subfield>
    <subfield code="9">19040</subfield>
  </datafield>
  <datafield tag="700" ind1=" " ind2=" ">
    <subfield code="a">Bach Johann Sebastian</subfield>
    <subfield code="g">Codice autore musica SPICS: 9695</subfield>
    <subfield code="e">Autore musica</subfield>
    <subfield code="p">Passacaglia e fuga in do min BWV 582 - Aria spirituale vieni, dolce morte - Corale Ges&#xF9; rimani con noi dalla cantana BWV 147 - Aria sulla quarta corda - Corale Ich Ruf' Zu Dir, Herr Jesu Christ BWV 639 - Corale vieni salvatore dei pagani BWV 661 - Preludio e fuga in la minore BWV 543</subfield>
    <subfield code="9">19041</subfield>
  </datafield>
  <datafield tag="700" ind1=" " ind2=" ">
    <subfield code="a">Liszt Franz</subfield>
    <subfield code="g">Codice autore musica SPICS: 10789</subfield>
    <subfield code="e">Autore musica</subfield>
    <subfield code="p">Preludio e fuga su B.A.C.H.</subfield>
    <subfield code="9">19042</subfield>
  </datafield>
  <datafield tag="942" ind1=" " ind2=" ">
    <subfield code="c">MC</subfield>
    <subfield code="2">ddc</subfield>
  </datafield>
  <datafield tag="952" ind1=" " ind2=" ">
    <subfield code="0">0</subfield>
    <subfield code="1">0</subfield>
    <subfield code="4">0</subfield>
    <subfield code="6">32977_000000000000000</subfield>
    <subfield code="7">1</subfield>
    <subfield code="a">SPICS</subfield>
    <subfield code="b">SPICS</subfield>
    <subfield code="d">2013-10-25</subfield>
    <subfield code="l">0</subfield>
    <subfield code="o">32977</subfield>
    <subfield code="r">2013-10-25 00:00:00</subfield>
    <subfield code="w">2013-10-25</subfield>
    <subfield code="y">MC</subfield>
    <subfield code="z">Progr. Ins.: 12222 / N.Vol.: n.d. / Copie: 1 - Copia rara: NO / date import: 01.01.2014 - By Epidotti, Trombetti, Vaglietti</subfield>
  </datafield>
</record>
